[Event "2. Bundesliga Ost 2008/2009"]
[Site "3-5.10.Bruck,22-23.11.Poechlarn,17-18.1.Wr.Neust,28
[Date "2008.10.03"]
[Round "1"]
[Board "2"]
[White "Vlcek, Stanislav"]
[Black "Plachetka, Jan"]
[Result "0-1"]
[WhiteElo "2312"]
[BlackElo "2406"]
[PlyCount "98"]
[EventDate "2008.10.03"]
[EventType "team"]
[EventRounds "11"]
[EventCountry "AUT"]
[WhiteTeam "Blackburne Nickelsdorf"]
[BlackTeam "Austria Wien"]

1.Nf3 d5 2.g3 Nf6 3.Bg2 c6 4.O-O Bg4 5.d3 Nbd7 6.Nbd2 e5 7.h3 Bh5 8.e4 Bd6 9.Qe1
O-O 10.Nh4 Re8 11.a4 Nc5 12.Nf5 Bf8 13.b3 Qa5 14.Bb2 Rad8 15.exd5 cxd5 16.Ne4
Qxe1 17.Nxf6+ gxf6 18.Rfxe1 d4 19.Ba3 b6 20.a5 Bg6 21.axb6 axb6 22.g4 Ne6 23.Bc6
Ng5 24.Kg2 Re6 25.Bxf8 Kxf8 26.Bb5 h5 27.h4 hxg4 28.Nh6 Nf3 29.Rh1 f5 30.Ra7 Re7
31.Rxe7 Kxe7 32.h5 Bh7 33.Ra1 Kf6 34.Ra7 Ng5 35.Bd7 Rf8 36.Rc7 Nh3 37.Be8 Nf4+
38.Kh2 Rxe8 39.Rxf7+ Kg5 40.Rxh7 Rc8 41.Nf7+ Kf6 42.h6 Rxc2 43.Rg7 Rxf2+ 44.Kg1
Rg2+ 45.Kh1 g3 46.Nd6 Rh2+ 47.Kg1 Rxh6 48.Rf7+ Ke6 49.Nxf5 Rh8

[Event "2. Bundesliga Ost 2008/2009"]
[Site "3-5.10.Bruck,22-23.11.Poechlarn,17-18.1.Wr.Neust,28
[Date "2008.10.03"]
[Round "1"]
[Board "3"]
[White "Pokorna, Regina"]
[Black "Koffler, Daniel"]
[Result "1-0"]
[WhiteElo "2376"]
[BlackElo "2250"]
[PlyCount "57"]
[EventDate "2008.10.03"]
[EventType "team"]
[EventRounds "11"]
[EventCountry "AUT"]
[WhiteTeam "Austria Wien"]
[BlackTeam "Blackburne Nickelsdorf"]

1.e4 e5 2.Nf3 Nc6 3.Bc4 Nf6 4.d3 Be7 5.O-O d6 6.a4 O-O 7.c3 h6 8.Nbd2 Kh8 9.h3
Nh7 10.a5 f5 11.a6 fxe4 12.dxe4 Qe8 13.axb7 Bxb7 14.Ba6 Bxa6 15.Rxa6 Nd8 16.Qb3
Bg5 17.Qa4 Qh5 18.Qd7 Nf6 19.Qxc7 Ne6 20.Qc4 Nf4 21.Rxd6 Rac8 22.Qa6 Nxh3+
23.gxh3 Qxh3 24.Nxe5 Ng4 25.Ndf3 Bf6 26.Bf4 Nxe5 27.Nxe5 Bxe5 28.Bxe5 Rc5
29.Rxh6+

[Event "2. Bundesliga Ost 2008/2009"]
[Site "3-5.10.Bruck,22-23.11.Poechlarn,17-18.1.Wr.Neust,28
[Date "2008.10.03"]
[Round "1"]
[Board "4"]
[White "Bachofner, Andreas"]
[Black "Hangweyrer, Manfred"]
[Result "0-1"]
[WhiteElo "2245"]
[BlackElo "2338"]
[PlyCount "68"]
[EventDate "2008.10.03"]
[EventType "team"]
[EventRounds "11"]
[EventCountry "AUT"]
[WhiteTeam "Blackburne Nickelsdorf"]
[BlackTeam "Austria Wien"]

1.e4 d5 2.exd5 Nf6 3.Nc3 Nxd5 4.Bc4 e6 5.Qf3 Nb4 6.Bb3 c5 7.a3 N4c6 8.Nge2 Nd7
9.d3 Nde5 10.Qg3 Ng6 11.O-O Bd6 12.f4 f5 13.Bd2 O-O 14.Rae1 a6 15.Qe3 Kh8 16.Nd1
e5 17.fxe5 Ncxe5 18.Qg5 Bd7 19.Qxd8 Raxd8 20.Nf4 Nxf4 21.Bxf4 Rde8 22.Ne3 h6
23.h4 b5 24.Bd5 Bb8 25.g3 Ba7 26.Kg2 Ng6 27.Bc7 c4 28.Nd1 cxd3 29.cxd3 Rc8
30.Bd6 Rf6 31.Bb4 Rc2+ 32.Kh1 f4 33.h5 fxg3 34.Ne3 Bxe3

[Event "2. Bundesliga Ost 2008/2009"]
[Site "3-5.10.Bruck,22-23.11.Poechlarn,17-18.1.Wr.Neust,28
[Date "2008.10.03"]
[Round "1"]
[Board "5"]
[White "Rogetzer, Klaus"]
[Black "Bachofner, Christian"]
[Result "1-0"]
[WhiteElo "2091"]
[BlackElo "2110"]
[PlyCount "43"]
[EventDate "2008.10.03"]
[EventType "team"]
[EventRounds "11"]
[EventCountry "AUT"]
[WhiteTeam "Austria Wien"]
[BlackTeam "Blackburne Nickelsdorf"]

1.d4 d5 2.c4 c6 3.e3 Nf6 4.Qc2 e6 5.Nf3 Bd6 6.Nc3 O-O 7.e4 dxe4 8.Nxe4 Nxe4
9.Qxe4 Nd7 10.Bd3 Nf6 11.Qe2 b6 12.O-O Bb7 13.Bg5 h6 14.Bh4 Be7 15.Rad1 Nd7
16.Qe4 g6 17.Bxe7 Qxe7 18.Qf4 c5 19.d5 g5 20.Qc7 Rab8 21.Ne5 exd5 22.Rfe1

[Event "2. Bundesliga Ost 2008/2009"]
[Site "3-5.10.Bruck,22-23.11.Poechlarn,17-18.1.Wr.Neust,28
[Date "2008.10.03"]
[Round "1"]
[Board "6"]
[White "Steinert, Martin"]
[Black "Newrkla, Katharina"]
[Result "1-0"]
[WhiteElo "2058"]
[BlackElo "2071"]
[PlyCount "75"]
[EventDate "2008.10.03"]
[EventType "team"]
[EventRounds "11"]
[EventCountry "AUT"]
[WhiteTeam "Blackburne Nickelsdorf"]
[BlackTeam "Austria Wien"]

1.d4 Nf6 2.c4 g6 3.Nc3 Bg7 4.e4 d6 5.f4 O-O 6.Nf3 c5 7.d5 b5 8.cxb5 a6 9.a4 axb5
10.Bxb5 Ba6 11.Bxa6 Nxa6 12.O-O Qa5 13.e5 Nd7 14.Qe2 Nb6 15.f5 dxe5 16.Nxe5 Nb4
17.fxg6 fxg6 18.Bd2 Qa6 19.Qe4 Nc2 20.Rac1 Nd4 21.Bg5 Nxa4 22.Nd3 Nxc3 23.bxc3
Nb3 24.Rb1 c4 25.Nb4 Qb6+ 26.Be3 Nd2 27.Rxf8+ Rxf8 28.Qxe7 Qxe3+ 29.Qxe3 Nxb1
30.d6 Nxc3 31.Qe6+ Kh8 32.Nc6 Nb5 33.Ne5 Bf6 34.d7 Kg7 35.Nxc4 Bd4+ 36.Ne3 Nc7
37.Qe7+ Kg8 38.Qxf8+

[Event "2. Bundesliga Ost 2008/2009"]
[Site "3-5.10.Bruck,22-23.11.Poechlarn,17-18.1.Wr.Neust,28
[Date "2008.10.03"]
[Round "1"]
[Board "1"]
[White "Lipka, Juraj"]
[Black "Loeffler, Stefan"]
[Result "1/2-1/2"]
[WhiteElo "2426"]
[BlackElo "2411"]
[PlyCount "53"]
[EventDate "2008.10.03"]
[EventType "team"]
[EventRounds "11"]
[EventCountry "AUT"]
[WhiteTeam "ASVOE Pamhagen"]
[BlackTeam "SK Advisory Invest Baden"]

1.Nf3 c5 2.c4 g6 3.d4 Bg7 4.e4 Qb6 5.dxc5 Qxc5 6.Be2 d6 7.O-O Bg4 8.Be3 Qc8
9.Nc3 Bxc3 10.bxc3 Nf6 11.Bh6 Nbd7 12.Nd4 Bxe2 13.Qxe2 Qc7 14.Nb5 Qc5 15.Be3 Qc6
16.Bxa7 O-O 17.Bd4 Rfc8 18.f3 Qxc4 19.Qxc4 Rxc4 20.Rfb1 Ra5 21.Rb2 Ne5 22.Na7
Nh5 23.Rxb7 Nf4 24.Rxe7 Ne2+ 25.Kf1 Nxc3 26.Be3 Kg7 27.Rb7

[Event "2. Bundesliga Ost 2008/2009"]
[Site "3-5.10.Bruck,22-23.11.Poechlarn,17-18.1.Wr.Neust,28
[Date "2008.10.03"]
[Round "1"]
[Board "2"]
[White "Brandner, Stefan"]
[Black "Alvir, Aco"]
[Result "1/2-1/2"]
[WhiteElo "2296"]
[BlackElo "2386"]
[PlyCount "46"]
[EventDate "2008.10.03"]
[EventType "team"]
[EventRounds "11"]
[EventCountry "AUT"]
[WhiteTeam "SK Advisory Invest Baden"]
[BlackTeam "ASVOE Pamhagen"]

1.e4 g6 2.d4 Bg7 3.Nc3 d6 4.Nge2 Nc6 5.d5 Nb8 6.g3 c6 7.Bg2 Nf6 8.h3 O-O 9.O-O
Bd7 10.Be3 cxd5 11.exd5 Qa5 12.Qd2 Rc8 13.Rfe1 Qd8 14.Nd4 Na6 15.Bh6 Bxh6
16.Qxh6 Nb4 17.a3 Rc4 18.axb4 Rxd4 19.b5 Rb4 20.b3 Rc8 21.Qd2 a5 22.bxa6 bxa6
23.Rxa6 Rb7

[Event "2. Bundesliga Ost 2008/2009"]
[Site "3-5.10.Bruck,22-23.11.Poechlarn,17-18.1.Wr.Neust,28
[Date "2008.10.03"]
[Round "1"]
[Board "3"]
[White "Franzen, Jozef"]
[Black "Sulyok, Michael"]
[Result "1/2-1/2"]
[WhiteElo "2318"]
[BlackElo "2227"]
[PlyCount "46"]
[EventDate "2008.10.03"]
[EventType "team"]
[EventRounds "11"]
[EventCountry "AUT"]
[WhiteTeam "ASVOE Pamhagen"]
[BlackTeam "SK Advisory Invest Baden"]

1.e4 d6 2.d4 Nf6 3.Nc3 g6 4.f4 Bg7 5.Nf3 c5 6.dxc5 Qa5 7.Bd3 Qxc5 8.Qe2 Bg4
9.Be3 Qa5 10.O-O O-O 11.Rae1 Nc6 12.Kh1 d5 13.e5 d4 14.Bd2 dxc3 15.Bxc3 Qa4
16.exf6 Bxf6 17.Bxf6 exf6 18.Qd2 Qxa2 19.Qc3 Bxf3 20.gxf3 Kg7 21.f5 Qa5 22.Qxa5
Nxa5 23.fxg6 hxg6

[Event "2. Bundesliga Ost 2008/2009"]
[Site "3-5.10.Bruck,22-23.11.Poechlarn,17-18.1.Wr.Neust,28
[Date "2008.10.03"]
[Round "1"]
[Board "4"]
[White "Rudolf, Herbert"]
[Black "Travenec, Igor"]
[Result "0-1"]
[WhiteElo "2137"]
[BlackElo "2224"]
[PlyCount "62"]
[EventDate "2008.10.03"]
[EventType "team"]
[EventRounds "11"]
[EventCountry "AUT"]
[WhiteTeam "SK Advisory Invest Baden"]
[BlackTeam "ASVOE Pamhagen"]

1.e4 e6 2.d4 d5 3.Nc3 Bb4 4.a3 Bxc3+ 5.bxc3 Ne7 6.Bd3 dxe4 7.Bxe4 Nd7 8.Nf3 Nf6
9.Bd3 c5 10.O-O O-O 11.dxc5 Qc7 12.Re1 Ng6 13.Qe2 Qxc5 14.c4 b6 15.Be3 Qh5 16.c5
Bb7 17.cxb6 axb6 18.Ng5 Qh4 19.g3 Qa4 20.Bb5 Qa5 21.Bd2 Qa7 22.Bd3 Qa4 23.Bb4
Qc6 24.f3 Rfd8 25.Rad1 Rac8 26.Ne4 Nd5 27.c4 Nxb4 28.axb4 Ne5 29.b5 Qc7 30.Ng5
Nxd3 31.Rxd3 Qc5+

[Event "2. Bundesliga Ost 2008/2009"]
[Site "3-5.10.Bruck,22-23.11.Poechlarn,17-18.1.Wr.Neust,28
[Date "2008.10.03"]
[Round "1"]
[Board "5"]
[White "Kuthan, Andreas"]
[Black "Geismann, Bernhard"]
[Result "1/2-1/2"]
[WhiteElo "2201"]
[BlackElo "2131"]
[PlyCount "54"]
[EventDate "2008.10.03"]
[EventType "team"]
[EventRounds "11"]
[EventCountry "AUT"]
[WhiteTeam "ASVOE Pamhagen"]
[BlackTeam "SK Advisory Invest Baden"]

1.d4 d5 2.c4 Nc6 3.e3 e5 4.dxe5 d4 5.a3 a5 6.Nf3 Bc5 7.exd4 Bxd4 8.Be2 Bf5 9.Nc3
Bxc3+ 10.bxc3 Qxd1+ 11.Bxd1 Nge7 12.Bg5 Be4 13.Ba4 h6 14.Bxe7 Kxe7 15.O-O-O Rhd8
16.Rhe1 Rxd1+ 17.Bxd1 Bd3 18.Be2 Bxe2 19.Rxe2 Rd8 20.Re4 a4 21.Nd4 Na5 22.Nf5+
Kf8 23.Kc2 Nb3 24.Nd4 Na5 25.Nf5 Nb3 26.Nd4 Na5 27.Nf3 Nb3

[Event "2. Bundesliga Ost 2008/2009"]
[Site "3-5.10.Bruck,22-23.11.Poechlarn,17-18.1.Wr.Neust,28
[Date "2008.10.03"]
[Round "1"]
[Board "6"]
[White "Herndlbauer, Martin"]
[Black "Froschauer, Hans"]
[Result "1-0"]
[WhiteElo "2122"]
[BlackElo "2147"]
[PlyCount "87"]
[EventDate "2008.10.03"]
[EventType "team"]
[EventRounds "11"]
[EventCountry "AUT"]
[WhiteTeam "SK Advisory Invest Baden"]
[BlackTeam "ASVOE Pamhagen"]

1.e4 c5 2.c3 Nf6 3.e5 Nd5 4.d4 e6 5.Nf3 cxd4 6.cxd4 b6 7.Nc3 Nxc3 8.bxc3 Ba6
9.Bxa6 Nxa6 10.Ng5 Be7 11.Ne4 O-O 12.Qa4 Nc7 13.Ba3 Ne8 14.Bxe7 Qxe7 15.Qb4 Qxb4
16.cxb4 f5 17.Nd2 Nc7 18.Nc4 Nb5 19.O-O Rac8 20.Rfc1 Nxd4 21.Kf1 Rc6 22.Nd6 Nc2
23.b5 Rc5 24.Rab1 g5 25.Kg1 Nb4 26.Rxc5 bxc5 27.a4 Nd3 28.Nc4 Nb4 29.a5 Rb8
30.b6 axb6 31.axb6 Kf8 32.Ra1 Nc6 33.Ra6 Ke7 34.g3 f4 35.gxf4 gxf4 36.Kg2 Nd4
37.Ra5 Rg8+ 38.Kh3 Nf3 39.Ra3 Ng5+ 40.Kg4 f3 41.b7 h5+ 42.Kxh5 Ne4 43.Ra8 Rg5+
44.Kh4

[Event "2. Bundesliga Ost 2008/2009"]
[Site "3-5.10.Bruck,22-23.11.Poechlarn,17-18.1.Wr.Neust,28
[Date "2008.10.04"]
[Round "2"]
[Board "1"]
[White "Papp, Gabor"]
[Black "Loeffler, Stefan"]
[Result "1-0"]
[WhiteElo "2509"]
[BlackElo "2411"]
[PlyCount "49"]
[EventDate "2008.10.03"]
[EventType "team"]
[EventRounds "11"]
[EventCountry "AUT"]
[WhiteTeam "ASVOE SK Lackenbach"]
[BlackTeam "SK Advisory Invest Baden"]

1.e4 Nf6 2.e5 Nd5 3.d4 d6 4.Nf3 dxe5 5.Nxe5 c6 6.Be2 Bf5 7.O-O Nd7 8.Nf3 h6 9.c4
Nb4 10.Nc3 Nc2 11.Rb1 Nb4 12.Be3 Bxb1 13.Qxb1 e6 14.a3 Na6 15.d5 e5 16.Rd1 c5
17.d6 g6 18.b4 f5 19.bxc5 e4 20.Qxb7 Bg7 21.c6 O-O 22.cxd7 f4 23.Nxe4 fxe3
24.Qxa6 exf2+ 25.Nxf2

[Event "2. Bundesliga Ost 2008/2009"]
[Site "3-5.10.Bruck,22-23.11.Poechlarn,17-18.1.Wr.Neust,28
[Date "2008.10.04"]
[Round "2"]
[Board "2"]
[White "Miniboeck, Guenter"]
[Black "Vavrak, Peter"]
[Result "1/2-1/2"]
[WhiteElo "2350"]
[BlackElo "2478"]
[PlyCount "50"]
[EventDate "2008.10.03"]
[EventType "team"]
[EventRounds "11"]
[EventCountry "AUT"]
[WhiteTeam "SK Advisory Invest Baden"]
[BlackTeam "ASVOE SK Lackenbach"]

1.d4 e6 2.c4 Nf6 3.Nf3 b6 4.a3 Ba6 5.Qc2 c5 6.d5 exd5 7.cxd5 g6 8.Nc3 d6 9.g3
Bg7 10.Bg2 O-O 11.O-O Nbd7 12.Bf4 Qc7 13.Qa4 Nb8 14.Rfe1 Nh5 15.Bd2 Qb7 16.b4 b5
17.Qb3 Nd7 18.bxc5 Nxc5 19.Qb4 Qb6 20.Rab1 Rab8 21.Nd4 Nd3 22.exd3 Bxd4 23.Ne4
f5 24.Bc3 Bxc3 25.Nxc3 Qc5

[Event "2. Bundesliga Ost 2008/2009"]
[Site "3-5.10.Bruck,22-23.11.Poechlarn,17-18.1.Wr.Neust,28
[Date "2008.10.04"]
[Round "2"]
[Board "3"]
[White "Vass, Frantisek"]
[Black "Brandner, Stefan"]
[Result "1-0"]
[WhiteElo "2402"]
[BlackElo "2296"]
[PlyCount "81"]
[EventDate "2008.10.03"]
[EventType "team"]
[EventRounds "11"]
[EventCountry "AUT"]
[WhiteTeam "ASVOE SK Lackenbach"]
[BlackTeam "SK Advisory Invest Baden"]

1.d4 d5 2.Nf3 Nc6 3.e3 Bg4 4.c4 e6 5.Qb3 Bxf3 6.gxf3 Bb4+ 7.Bd2 Bxd2+ 8.Nxd2
Nge7 9.O-O-O O-O 10.Bd3 a5 11.Rhg1 Nb4 12.Bb1 dxc4 13.Nxc4 Nec6 14.h4 g6 15.h5
Qf6 16.a3 a4 17.Qc3 Nd5 18.Qd3 Na5 19.Nd2 Nb3+ 20.Nxb3 axb3 21.Rg3 c5 22.hxg6
fxg6 23.Rdg1 Ne7 24.Qxb3 cxd4 25.Be4 Nf5 26.Rh3 Rf7 27.Kb1 Rd8 28.Rgh1 Qe5
29.Ka2 dxe3 30.fxe3 Ng3 31.Rxg3 Qxg3 32.Qxe6 Qd6 33.Qc4 Qc7 34.Bd5 Qxc4+ 35.Bxc4
h5 36.Kb3 Rd2 37.Rc1 Rf2 38.f4 Rf3 39.Re1 Kg7 40.Bxf7 Kxf7 41.Kc4

[Event "2. Bundesliga Ost 2008/2009"]
[Site "3-5.10.Bruck,22-23.11.Poechlarn,17-18.1.Wr.Neust,28
[Date "2008.10.04"]
[Round "2"]
[Board "4"]
[White "Sulyok, Michael"]
[Black "Krpelan, Wolfgang"]
[Result "1-0"]
[WhiteElo "2227"]
[BlackElo "2281"]
[PlyCount "104"]
[EventDate "2008.10.03"]
[EventType "team"]
[EventRounds "11"]
[EventCountry "AUT"]
[WhiteTeam "SK Advisory Invest Baden"]
[BlackTeam "ASVOE SK Lackenbach"]

1.c4 f5 2.Nf3 Nf6 3.g3 d6 4.d4 e6 5.Bg2 Be7 6.O-O O-O 7.Nc3 Qe8 8.Re1 Ne4 9.Qd3
Qg6 10.b3 Nc6 11.Ba3 Nxc3 12.Qxc3 Bd7 13.Qd2 Bf6 14.Rac1 b6 15.b4 Rad8 16.d5 Ne7
17.dxe6 Bxe6 18.Nd4 Bd7 19.Nb5 c6 20.Nxd6 Be5 21.Nb7 f4 22.Nxd8 fxg3 23.fxg3
Rxd8 24.Bb2 Bc7 25.e4 Bg4 26.Qc3 h5 27.Re3 h4 28.Rf1 hxg3 29.hxg3 Qh6 30.Rd3 Re8
31.Qd2 Qg6 32.Qf2 Be6 33.Rc1 Rf8 34.Rf3 Rxf3 35.Qxf3 Bxg3 36.Rf1 Bh4 37.c5 b5
38.Qf4 Bh3 39.Qb8+ Kh7 40.Qh2 Bxg2 41.Qxg2 Bg5 42.Bc1 Bf6 43.Qxg6+ Kxg6 44.Rd1
Kf7 45.Rd7 a6 46.Bf4 Ke6 47.Rd6+ Kf7 48.Rd7 Ke6 49.Ra7 g5 50.Bd6 Nc8 51.Rxa6 Kd7
52.e5 Bd8

[Event "2. Bundesliga Ost 2008/2009"]
[Site "3-5.10.Bruck,22-23.11.Poechlarn,17-18.1.Wr.Neust,28
[Date "2008.10.04"]
[Round "2"]
[Board "5"]
[White "Ranits, Franz"]
[Black "Geismann, Bernhard"]
[Result "1/2-1/2"]
[WhiteElo "2217"]
[BlackElo "2131"]
[PlyCount "28"]
[EventDate "2008.10.03"]
[EventType "team"]
[EventRounds "11"]
[EventCountry "AUT"]
[WhiteTeam "ASVOE SK Lackenbach"]
[BlackTeam "SK Advisory Invest Baden"]

1.e4 e5 2.Nf3 Nc6 3.Bc4 Bc5 4.b4 Bxb4 5.c3 Ba5 6.d4 exd4 7.O-O Nge7 8.Ng5 d5
9.exd5 Ne5 10.Qxd4 f6 11.Bb3 Bb6 12.Qe4 Bf5 13.Qa4+ Bd7 14.Qe4 Bf5

[Event "2. Bundesliga Ost 2008/2009"]
[Site "3-5.10.Bruck,22-23.11.Poechlarn,17-18.1.Wr.Neust,28
[Date "2008.10.04"]
[Round "2"]
[Board "1"]
[White "Pinter, Erik"]
[Black "Lipka, Juraj"]
[Result "1/2-1/2"]
[WhiteElo "2415"]
[BlackElo "2426"]
[PlyCount "32"]
[EventDate "2008.10.03"]
[EventType "team"]
[EventRounds "11"]
[EventCountry "AUT"]
[WhiteTeam "Blackburne Nickelsdorf"]
[BlackTeam "ASVOE Pamhagen"]

1.e4 e5 2.Bc4 Nc6 3.Nf3 Bc5 4.c3 Nf6 5.d3 a6 6.O-O Ba7 7.Bb3 d6 8.Nbd2 O-O 9.Nc4
Ne7 10.Bg5 Ng6 11.Nh4 Kh8 12.Qf3 h6 13.Bxf6 Nxh4 14.Bxd8 Nxf3+ 15.gxf3 Rxd8
16.Kg2 Be6

[Event "2. Bundesliga Ost 2008/2009"]
[Site "3-5.10.Bruck,22-23.11.Poechlarn,17-18.1.Wr.Neust,28
[Date "2008.10.04"]
[Round "2"]
[Board "2"]
[White "Alvir, Aco"]
[Black "Vlcek, Stanislav"]
[Result "1-0"]
[WhiteElo "2386"]
[BlackElo "2312"]
[PlyCount "85"]
[EventDate "2008.10.03"]
[EventType "team"]
[EventRounds "11"]
[EventCountry "AUT"]
[WhiteTeam "ASVOE Pamhagen"]
[BlackTeam "Blackburne Nickelsdorf"]

1.e4 c5 2.Nf3 d6 3.c3 Nf6 4.Bd3 g6 5.O-O Bg7 6.Bc2 Nc6 7.h3 e5 8.d4 exd4 9.cxd4
O-O 10.Nc3 cxd4 11.Nxd4 Nxe4 12.Nxc6 Nxc3 13.Nxd8 Nxd1 14.Nxf7 Nxb2 15.Nh6+ Kh8
16.Rb1 Nc4 17.Rd1 Rb8 18.Be4 Bf5 19.Nxf5 gxf5 20.Bd5 b5 21.Bg5 h6 22.Bf4 a6
23.Rbc1 Ne5 24.Rc7 Rbc8 25.Ra7 Nc6 26.Rxa6 Nb4 27.Rxd6 Nxd5 28.R1xd5 Ra8 29.Rxb5
Rxa2 30.Bxh6 Bxh6 31.Rxh6+ Kg7 32.Rbb6 Rf7 33.Rbg6+ Kf8 34.Rf6 f4 35.Rxf7+ Kxf7
36.Rb6 Ra1+ 37.Kh2 Ra2 38.f3 Ra4 39.h4 Kg7 40.Re6 Ra7 41.Kh3 Rf7 42.Kg4 Kh7
43.Re5

[Event "2. Bundesliga Ost 2008/2009"]
[Site "3-5.10.Bruck,22-23.11.Poechlarn,17-18.1.Wr.Neust,28
[Date "2008.10.04"]
[Round "2"]
[Board "3"]
[White "Koffler, Daniel"]
[Black "Franzen, Jozef"]
[Result "1/2-1/2"]
[WhiteElo "2250"]
[BlackElo "2318"]
[PlyCount "94"]
[EventDate "2008.10.03"]
[EventType "team"]
[EventRounds "11"]
[EventCountry "AUT"]
[WhiteTeam "Blackburne Nickelsdorf"]
[BlackTeam "ASVOE Pamhagen"]

1.e4 e5 2.Nf3 Nc6 3.Bb5 a6 4.Ba4 Nf6 5.O-O Be7 6.Re1 b5 7.Bb3 d6 8.c3 O-O 9.d4
Bg4 10.d5 Na5 11.Bc2 c6 12.h3 Bc8 13.dxc6 Qc7 14.Nbd2 Qxc6 15.Nf1 Re8 16.Bg5 Nc4
17.Qb1 Nh5 18.Bxe7 Rxe7 19.Bb3 Bb7 20.Ne3 Nxe3 21.Rxe3 Nf6 22.Ng5 Qc7 23.Qe1 h6
24.Nf3 g6 25.Rd1 Kg7 26.Nh2 Rd8 27.f3 d5 28.exd5 Bxd5 29.Red3 Bxb3 30.Rxd8 Bxd1
31.Qxd1 h5 32.Qd6 Qxd6 33.Rxd6 Rd7 34.Rxd7 Nxd7 35.Nf1 Nc5 36.Ne3 Nd3 37.Nd1 Kf6
38.g3 Ke6 39.Kf1 Kd6 40.Ke2 Nc5 41.h4 f5 42.b3 Ne6 43.Nb2 f4 44.gxf4 Nxf4+
45.Kf2 Kc5 46.a3 Nd5 47.b4+ Kd6

[Event "2. Bundesliga Ost 2008/2009"]
[Site "3-5.10.Bruck,22-23.11.Poechlarn,17-18.1.Wr.Neust,28
[Date "2008.10.04"]
[Round "2"]
[Board "4"]
[White "Vitouch, Anatol"]
[Black "Bachofner, Andreas"]
[Result "1-0"]
[WhiteElo "2230"]
[BlackElo "2245"]
[PlyCount "107"]
[EventDate "2008.10.03"]
[EventType "team"]
[EventRounds "11"]
[EventCountry "AUT"]
[WhiteTeam "ASVOE Pamhagen"]
[BlackTeam "Blackburne Nickelsdorf"]

1.Nf3 f5 2.d3 d6 3.g3 Nf6 4.Bg2 e5 5.O-O g6 6.c4 Nc6 7.Nc3 Bg7 8.Rb1 O-O 9.b4 h6
10.b5 Ne7 11.Ne1 g5 12.Nc2 f4 13.Nb4 Kh8 14.a4 Rb8 15.a5 Bd7 16.Bd2 c5 17.bxc6
bxc6 18.Na6 Rxb1 19.Qxb1 Qxa5 20.Qb7 Qb6 21.Rb1 Qxb7 22.Rxb7 d5 23.Nc5 Rd8
24.cxd5 cxd5 25.Rxa7 Nc6 26.Rc7 Nd4 27.Nxd7 Nxd7 28.Bxd5 Nf6 29.Bb7 Ne8 30.Rc8
Rxc8 31.Bxc8 Nd6 32.Bg4 Kg8 33.Kf1 Kf7 34.e3 Nb3 35.Be1 fxg3 36.hxg3 Nb7 37.Ne4
N7c5 38.Nxc5 Nxc5 39.Bf5 h5 40.Bb4 Ne6 41.Ke2 Bf6 42.Kf3 g4+ 43.Ke4 Ng5+ 44.Kd5
Nf3 45.Bc3 Bg5 46.Be4 h4 47.Bxf3 gxf3 48.gxh4 Bxe3 49.Be1 Bd4 50.Ke4 Kg6 51.Kxf3
Kf5 52.Bd2 Bc5 53.h5 Be7 54.Bh6

[Event "2. Bundesliga Ost 2008/2009"]
[Site "3-5.10.Bruck,22-23.11.Poechlarn,17-18.1.Wr.Neust,28
[Date "2008.10.04"]
[Round "2"]
[Board "5"]
[White "Bachofner, Christian"]
[Black "Kuthan, Andreas"]
[Result "0-1"]
[WhiteElo "2110"]
[BlackElo "2201"]
[PlyCount "58"]
[EventDate "2008.10.03"]
[EventType "team"]
[EventRounds "11"]
[EventCountry "AUT"]
[WhiteTeam "Blackburne Nickelsdorf"]
[BlackTeam "ASVOE Pamhagen"]

1.e4 e6 2.d4 d5 3.Nc3 Bb4 4.exd5 exd5 5.a3 Bxc3+ 6.bxc3 Nf6 7.Nf3 O-O 8.Be2 Ne4
9.Bb2 Bg4 10.h3 Bh5 11.O-O Nd7 12.a4 Nb6 13.a5 Nc4 14.Bxc4 dxc4 15.g4 Bg6 16.Ra4
f5 17.Ne5 Qh4 18.Qe2 Qxh3 19.Qxc4+ Bf7 20.Qd3 Qh4 21.c4 Rae8 22.d5 Nc5 23.Qa3
Nxa4 24.Qxa4 Rxe5 25.Bxe5 Qxg4+ 26.Kh2 Qh4+ 27.Kg1 Qg4+ 28.Kh2 Bxd5 29.f3 Bxf3

[Event "2. Bundesliga Ost 2008/2009"]
[Site "3-5.10.Bruck,22-23.11.Poechlarn,17-18.1.Wr.Neust,28
[Date "2008.10.04"]
[Round "2"]
[Board "6"]
[White "Bozinovic, Boban"]
[Black "Steinert, Martin"]
[Result "0-1"]
[WhiteElo "2095"]
[BlackElo "2058"]
[PlyCount "72"]
[EventDate "2008.10.03"]
[EventType "team"]
[EventRounds "11"]
[EventCountry "AUT"]
[WhiteTeam "ASVOE Pamhagen"]
[BlackTeam "Blackburne Nickelsdorf"]

1.e4 d6 2.d4 g6 3.Nc3 Bg7 4.f4 c6 5.Nf3 Bg4 6.Be3 b5 7.a3 a6 8.h3 Bxf3 9.Qxf3
Nd7 10.e5 d5 11.g4 e6 12.f5 c5 13.fxe6 fxe6 14.Nxd5 exd5 15.e6 Ndf6 16.g5 Qe7
17.gxf6 Nxf6 18.O-O-O O-O 19.dxc5 Qxe6 20.Bg2 Rae8 21.Bd4 Ne4 22.Qg4 Bxd4
23.Qxe6+ Rxe6 24.Rxd4 Rf2 25.Bxe4 dxe4 26.Re1 Rf4 27.Re3 h5 28.Kd2 Kf7 29.b4 g5
30.Rd7+ Kf6 31.Kc3 Ke5 32.Rh7 Rh4 33.Rg7 g4 34.hxg4 Rxg4 35.Rh7 h4 36.Rh5+ Kf4

[Event "2. Bundesliga Ost 2008/2009"]
[Site "3-5.10.Bruck,22-23.11.Poechlarn,17-18.1.Wr.Neust,28
[Date "2008.10.04"]
[Round "2"]
[Board "1"]
[White "Blatny, Pavel"]
[Black "Pacher, Milan"]
[Result "1-0"]
[WhiteElo "2416"]
[BlackElo "2357"]
[PlyCount "71"]
[EventDate "2008.10.03"]
[EventType "team"]
[EventRounds "11"]
[EventCountry "AUT"]
[WhiteTeam "SK Zwettl"]
[BlackTeam "Austria Wien"]

1.d4 Nf6 2.Nf3 e6 3.Bf4 c5 4.e3 Nc6 5.Nbd2 d5 6.c3 Bd6 7.Bg3 Qe7 8.Ne5 Bxe5
9.dxe5 Nd7 10.Qh5 b6 11.f4 Bb7 12.Bh4 Qf8 13.e4 Ne7 14.exd5 Bxd5 15.Nc4 Nf5
16.O-O-O g6 17.Qg4 b5 18.Nd6+ Nxd6 19.exd6 f5 20.Qg3 a6 21.Be7 Qg7 22.Rxd5 exd5
23.Bxb5 axb5 24.Re1 Ne5 25.Rxe5 Kd7 26.Qd3 Rhb8 27.Bg5 Qg8 28.Re7+ Kc6 29.b4
cxb4 30.Qe3 Rb7 31.Rxb7 Kxb7 32.Qe7+ Ka6 33.d7 bxc3 34.Qd6+ Ka5 35.d8=Q+ Rxd8
36.Bxd8+

[Event "2. Bundesliga Ost 2008/2009"]
[Site "3-5.10.Bruck,22-23.11.Poechlarn,17-18.1.Wr.Neust,28
[Date "2008.10.04"]
[Round "2"]
[Board "2"]
[White "Plachetka, Jan"]
[Black "Holemar, David"]
[Result "1-0"]
[WhiteElo "2406"]
[BlackElo "2326"]
[PlyCount "35"]
[EventDate "2008.10.03"]
[EventType "team"]
[EventRounds "11"]
[EventCountry "AUT"]
[WhiteTeam "Austria Wien"]
[BlackTeam "SK Zwettl"]

1.d4 Nf6 2.Nf3 g6 3.Bg5 Bg7 4.Nbd2 d5 5.e3 O-O 6.Bd3 c5 7.c3 Nbd7 8.O-O b6 9.h3
Bb7 10.Qb1 Qc7 11.Bf4 Qc6 12.b4 cxb4 13.cxb4 Rfc8 14.a4 a5 15.bxa5 bxa5 16.Bb5
Qb6 17.Ne5 Nf8 18.Nxf7

[Event "2. Bundesliga Ost 2008/2009"]
[Site "3-5.10.Bruck,22-23.11.Poechlarn,17-18.1.Wr.Neust,28
[Date "2008.10.04"]
[Round "2"]
[Board "3"]
[White "Vyskocil, Neklan"]
[Black "Pokorna, Regina"]
[Result "0-1"]
[WhiteElo "2315"]
[BlackElo "2376"]
[PlyCount "64"]
[EventDate "2008.10.03"]
[EventType "team"]
[EventRounds "11"]
[EventCountry "AUT"]
[WhiteTeam "SK Zwettl"]
[BlackTeam "Austria Wien"]

1.e4 e5 2.f4 Bc5 3.Nf3 d6 4.Nc3 Nf6 5.Bc4 Nc6 6.d3 Bg4 7.h3 Bxf3 8.Qxf3 Nd4
9.Qg3 Qe7 10.fxe5 dxe5 11.Kd1 O-O-O 12.Rf1 Rhg8 13.Nd5 Qd6 14.c3 Ne6 15.b4 Bb6
16.Kc2 Kb8 17.Qf3 Nd7 18.Bd2 Rgf8 19.Rad1 c6 20.Nxb6 Nxb6 21.Be3 c5 22.a3 Rc8
23.b5 Rc7 24.Kb3 Re8 25.Qg4 a6 26.Bxe6 fxe6 27.bxa6 c4+ 28.dxc4 Qc6 29.Bxb6
Qxc4+ 30.Kb2 Qxc3+ 31.Ka2 Qc2+ 32.Ka1 Rc3